| 000 | 00632nam a2200241Ia 4500 | ||
|---|---|---|---|
| 008 | 150901s9999 xx 000 0 und d | ||
| 020 | _a139788180695902 | ||
| 041 | _aEnglish | ||
| 082 | _a302.2 | ||
| 082 | _bDEW/AG | ||
| 100 | _aDewan M.L | ||
| 100 | _eAuthor | ||
| 245 | _aAgriculture and Rural development in India : a case study on the dignity of labour | ||
| 250 | _a3rd | ||
| 260 | _aNew Delhi | ||
| 260 | _bConcept Publishing Company | ||
| 260 | _c2009 | ||
| 300 | _a188 Pages | ||
| 365 | _aRs.500/- | ||
| 650 | _aAgriculture | ||
| 650 | _aRural development | ||
| 942 | _cBK | ||
| 999 |
_c242612 _d242612 |
||